[Event "WY BU16 2012"]
[Site "Maribor SLO"]
[Date "2012.11.08"]
[Round "1.16"]
[White "Ajeet Singh,Roshan"]
[Black "Grib,R"]
[Result "0-1"]
[WhiteElo "2016"]
[BlackElo "2332"]

1.d4 Nf6 2.Nf3 b6 3.c4 e6 4.Nc3 Bb7 5.Bg5 h6 6.Bh4 Be7 7.Qc2 c5 8.Rd1 O-O
9.e4 Ne8 10.Bxe7 Qxe7 11.dxc5 bxc5 12.Be2 d6 13.O-O Nc6 14.a3 g5 15.Qd2 Rd8
16.Qe3 Nf6 17.h3 Nd7 18.Rfe1 Nde5 19.h4 Nxf3+ 20.Bxf3 Nd4 21.Rd2 f5 22.hxg5 hxg5
23.Bd1 f4 24.Qd3 Nc6 25.Bg4 Ne5 26.Qe2 Rf6 27.Red1 Rh6 28.f3 Qh7 29.Kf2 Rh2
30.Bxe6+ Kf8 31.Qf1 Qh4+ 32.Ke2 Qg3 33.Rc1 Rxg2+ 34.Kd1  0-1

[Event "FSFMCB Nov 2012"]
[Site "Budapest HUN"]
[Date "2012.11.12"]
[Round "9.2"]
[White "Szalay,T"]
[Black "Nemeth,O"]
[Result "0-1"]
[WhiteElo "1804"]
[BlackElo "1790"]

1.d4 Nf6 2.Nf3 e6 3.c4 b6 4.Nc3 Bb7 5.e3 Bb4 6.Bd3 h6 7.O-O a6 8.a3 Bxc3
9.bxc3 d6 10.Re1 Be4 11.Qc2 d5 12.Bxe4 dxe4 13.Nd2 Nbd7 14.Nxe4 O-O 15.Nxf6+ Nxf6
16.e4 c6 17.e5 Nh7 18.Re3 f5 19.exf6 Qxf6 20.Rf3 Qh4 21.Rh3 Qe7 22.Qe4 Qd7
23.Rg3 Kh8 24.a4 Rad8 25.Ba3 c5 26.d5 exd5 27.cxd5 Qxd5 28.Qg4 Rf7 29.c4 Qd4
30.Qe2 Qxa1+  0-1

[Event "WY GU16 2012"]
[Site "Maribor SLO"]
[Date "2012.11.12"]
[Round "6.47"]
[White "Dobrovoljc,Andreja"]
[Black "Grgic,N"]
[Result "0-1"]
[WhiteElo "1597"]
[BlackElo "1812"]

1.d4 Nf6 2.c4 e6 3.Nf3 b6 4.Nc3 Bb4 5.Bd2 Bb7 6.e3 O-O 7.Be2 Qe7 8.O-O d5
9.cxd5 Nxd5 10.Nxd5 Bxd5 11.a3 Bxd2 12.Nxd2 Nd7 13.Bf3 Bxf3 14.Nxf3 c5 15.Qe2 cxd4
16.Nxd4 e5 17.Nf5 Qf6 18.Qg4 Nc5 19.b4 Ne6 20.Rac1 h5 21.Qxh5 g6 22.Ne7+ Qxe7
23.Qxe5 Rac8 24.f4 Rxc1 25.Rxc1 Re8 26.e4 f6 27.Qd5 Rd8 28.Qb3 Kg7 29.f5 Nd4
30.Qc4 b5 31.Qa2 Nxf5 32.Re1 Nd6 33.Qd5 Qe5 34.Qc6 Nf7 35.h3 Rd2 36.Qc1 Qb2
37.Qxb2 Rxb2 38.Kf1 Rb3 39.Ra1 Ne5 40.a4 a6 41.axb5 axb5 42.Ra7+ Nf7 43.Rb7 Rxb4
44.Ke2 Rxe4+ 45.Kd3 Re5 46.Kd4 Kf8 47.g4 Nd6 48.Rb6 Ke7 49.Kd3 Ke6 50.h4 Kd5
51.Rb8 Re8 52.Rb6 Kc5 53.Ra6 Rh8 54.g5 fxg5 55.hxg5 Rh5  0-1

[Event "WY GU18 2012"]
[Site "Maribor SLO"]
[Date "2012.11.15"]
[Round "8.18"]
[White "Zpevakova,J"]
[Black "Hakimifard,G"]
[Result "0-1"]
[WhiteElo "1921"]
[BlackElo "2274"]

1.d4 Nf6 2.c4 e6 3.Nf3 b6 4.Nc3 Bb4 5.Bg5 h6 6.Bh4 Bb7 7.e3 g5 8.Bg3 Ne4
9.Qc2 Nxg3 10.hxg3 Bf8 11.Bd3 Bg7 12.O-O-O Nc6 13.a3 g4 14.Nh4 Qg5 15.Kb1 O-O-O
16.d5 Ne5 17.Be2 d6 18.Rd2 h5 19.Rc1 Kb8 20.Nb5 Qf6 21.Bf1 Qe7 22.Qa4 a6
23.Nc3 Nd7 24.b4 Rhe8 25.c5 dxc5 26.Bxa6 Bxa6 27.Qxa6 Bxc3 28.Rxc3 exd5 29.bxc5 Nxc5
30.Rxc5 Qxc5 31.Rc2 Qa5 32.Qd3 d4 33.Qc4 Rd7 34.Qc6 Qd5 35.Qxd5 Rxd5 36.exd4 Re4
37.f3 Rexd4 38.Re2 Kb7  0-1

[Event "WY GU16 2012"]
[Site "Maribor SLO"]
[Date "2012.11.16"]
[Round "9.33"]
[White "Machlik,Monika"]
[Black "Koloditsova,Renata"]
[Result "1/2-1/2"]
[WhiteElo "1735"]
[BlackElo "1881"]

1.d4 Nf6 2.c4 e6 3.Nf3 b6 4.Nc3 Bb7 5.Bg5 Bb4 6.e3 h6 7.Bh4 g5 8.Bg3 Ne4
9.Qc2 h5 10.h3 Nxg3 11.fxg3 Nc6 12.a3 Bxc3+ 13.Qxc3 Qf6 14.Nd2 Ne7 15.e4 c5
16.d5 Qxc3 17.bxc3 e5 18.Bd3 f6 19.Nf1 Nc8 20.Ne3 Nd6 21.Ke2 O-O-O 22.a4 a5
23.Rab1 Kc7 24.Rhf1 Rdf8 25.Kd2 Ba6 26.Rf2  1/2-1/2

[Event "22nd World Seniors Women"]
[Site "Kamena Vourla GRE"]
[Date "2012.11.17"]
[Round "5.5"]
[White "Melashvili,N"]
[Black "Titorenko,N"]
[Result "1/2-1/2"]
[WhiteElo "2128"]
[BlackElo "2137"]

1.Nf3 Nf6 2.d4 e6 3.c4 b6 4.Nc3 Bb7 5.Qc2 c5 6.e3 Be7 7.Be2 O-O 8.O-O Nc6
9.a3 cxd4 10.exd4 d5 11.cxd5 Nxd5 12.Bd3 Nf6 13.Rd1 h6 14.Bf4 Bd6 15.Be5 Qe7
16.Rac1 Rfd8 17.Ne4 Bxe5 18.dxe5 Nxe4 19.Bxe4 Rxd1+ 20.Rxd1 Rd8 21.Rc1 Nd4
22.Nxd4 Rxd4 23.Bxb7 Qxb7 24.Qc8+ Qxc8 25.Rxc8+ Kh7 26.Kf1 Rd2 27.Rc7 Kg6
28.b4 a5  1/2-1/2

[Event "TCh-HUN 2012-13"]
[Site "Kecskemet HUN"]
[Date "2012.11.18"]
[Round "4"]
[White "Bodiroga,P"]
[Black "Tesik,C"]
[Result "1/2-1/2"]
[WhiteElo "2394"]
[BlackElo "2366"]

1.d4 Nf6 2.c4 e6 3.Nf3 b6 4.Nc3 Bb7 5.a3 d5 6.Qa4+ c6 7.cxd5 exd5 8.Bg5 Be7
9.e3 Nbd7 10.Be2 O-O 11.O-O a5 12.Qc2 Re8 13.Bxf6 Bxf6 14.Na4 Rc8 15.Bd3 g6
16.b4 b5 17.Nc5 Nxc5 18.Qxc5 Be7 19.Qc3 Bd6 20.Rfb1 axb4 21.axb4 Qe7 22.Ne1 Ra8
23.Rxa8 Rxa8 24.Bc2 Qc7 25.g3 h5 26.e4 dxe4 27.Bxe4 h4 28.Bg2 hxg3 29.hxg3 Ra2
30.Rb2 Rxb2 31.Qxb2 Bc8 32.Qc3 Bf5 33.Qxc6 Qxc6 34.Bxc6 Bxb4 35.Nf3 Bc3 36.Bxb5 Be4
37.Be2 Bxf3 38.Bxf3 Bxd4  1/2-1/2

[Event "TCh-CZE Extraliga 2012-13"]
[Site "Czech Republic CZE"]
[Date "2012.12.02"]
[Round "4.7"]
[White "Priehoda,V"]
[Black "Sodoma,J"]
[Result "1-0"]
[WhiteElo "2414"]
[BlackElo "2380"]

1.d4 Nf6 2.c4 e6 3.Nf3 b6 4.Nc3 Bb4 5.Qc2 Bb7 6.a3 Bxc3+ 7.Qxc3 Ne4 8.Qc2 O-O
9.g3 f5 10.Bg2 Qc8 11.O-O d6 12.b4 Nd7 13.Bb2 Ndf6 14.Ne1 Ng5 15.d5 exd5
16.cxd5 f4 17.Rd1 fxg3 18.fxg3 Ng4 19.Nf3 Qe8 20.Qc3 Qe7 21.Nxg5 Qxg5 22.Rf4 Rfe8
23.h3 Ne3 24.Rd3 Nxg2 25.Rg4 Qe5 26.Rxg7+ Kh8 27.Qxc7  1-0

[Event "4th Penang Heritage City Open"]
[Site "Penang MAS"]
[Date "2012.12.12"]
[Round "3.5"]
[White "Udani,I"]
[Black "Barretto,Franz"]
[Result "1-0"]
[WhiteElo "2340"]
[BlackElo "2222"]

1.d4 Nf6 2.Nf3 e6 3.c4 b6 4.Nc3 Bb4 5.Bg5 h6 6.Bh4 Bb7 7.e3 O-O 8.Bd3 d5
9.cxd5 Qxd5 10.O-O Bxc3 11.bxc3 c5 12.Bxf6 gxf6 13.e4 Qh5 14.Qd2 Nd7 15.Qf4 Rfc8
16.Qd6 Rd8 17.Qe7 Rab8 18.Rfe1 Kg7 19.Re3 Nf8 20.e5 f5 21.Nh4 Nh7 22.Be2 Qg5
23.Rg3 cxd4 24.cxd4 Rxd4 25.Rxg5+ hxg5 26.Nf3 Bxf3 27.gxf3 Rc8 28.Rd1 Rxd1+
29.Bxd1 Rc1 30.Qd8 Rc5 31.Qd4 Nf6 32.Qd2 f4 33.Bc2 Rd5 34.Qc3 Nd7 35.Qc7 Nxe5
36.Be4 Ra5 37.Qe7 Ng6 38.Bxg6 Kxg6 39.a3 e5 40.Kg2 f5 41.Qe6+ Kh5 42.Qxf5 Kh4  1-0

[Event "4th Penang Heritage City Open"]
[Site "Penang MAS"]
[Date "2012.12.13"]
[Round "6.33"]
[White "Ajeet Singh,Roshan"]
[Black "Srivatanakul,P"]
[Result "1-0"]
[WhiteElo "2017"]
[BlackElo "1745"]

1.d4 Nf6 2.Nf3 b6 3.c4 e6 4.Nc3 Bb7 5.Bg5 Be7 6.Qc2 h6 7.Bh4 c5 8.dxc5 bxc5
9.e4 d6 10.Be2 Nc6 11.Rd1 Qa5 12.O-O a6 13.Bg3 Rd8 14.h3 O-O 15.Rd2 Rd7 16.Rfd1 Rfd8
17.a3 e5 18.Qb1 Nd4 19.Nxd4 cxd4 20.Nd5 Bxd5 21.cxd5 Rb7 22.Bd3 Rdb8 23.Qa2 Nh5
24.Bh2 Bg5 25.Rc2 Nf4 26.Bxf4 Bxf4 27.g3 Bg5 28.h4 Bf6 29.Rdc1 Kh7 30.b4 Qa4
31.Rc6 Rb6 32.Qb2 h5 33.Rc7 R8b7 34.R7c6 g5 35.hxg5 Bxg5 36.R1c2 Kg7 37.Kf1 h4
38.gxh4 Bxh4 39.Ke2 Bg5 40.R2c4 Rxc6 41.Rxc6 Be7 42.Rxa6 Qd7 43.Kd1 Qh3 44.Qe2 Rb8
45.Kc2 Rh8 46.b5 Bh4 47.Rxd6 Qg2 48.Qf1 Qf3 49.Qe2 Qf4 50.Qd2 Qg4 51.b6 Be7
52.Rc6 Bxa3 53.Qa5 Be7 54.b7 Qg2 55.Rc8 Qxf2+ 56.Qd2 Qxd2+ 57.Kxd2 Bd6 58.Bb5 Rh2+
59.Kd1 Rh1+ 60.Ke2 Rh2+ 61.Kf3 Rh4 62.Rc6 Rf4+ 63.Kg2 Bb8 64.d6 Rg4+ 65.Kh3 Rxe4
66.d7 Re3+ 67.Kg2 e4 68.d8=Q Rg3+ 69.Kf1 Rf3+ 70.Ke1 Bg3+ 71.Kd2 d3 72.Qg5+ Kf8  1-0

[Event "4th Penang Heritage City Open"]
[Site "Penang MAS"]
[Date "2012.12.14"]
[Round "8.12"]
[White "Wong,J"]
[Black "Bitoon,Jimson"]
[Result "0-1"]
[WhiteElo "2044"]
[BlackElo "2290"]

1.d4 Nf6 2.Nf3 e6 3.c4 b6 4.Nc3 Bb7 5.Bf4 Bb4 6.Rc1 O-O 7.e3 Ne4 8.Nd2 Bxc3
9.bxc3 d6 10.Nxe4 Bxe4 11.f3 Bb7 12.Bd3 Nd7 13.Qc2 f5 14.O-O g5 15.Bg3 Qe7
16.Rb1 Kh8 17.c5 f4 18.cxd6 cxd6 19.exf4 gxf4 20.Be1 Rg8 21.c4 Rg7 22.Be4 d5
23.cxd5 exd5 24.Bf5 Rag8 25.Rf2 Qe3 26.Bh3 Rc8 27.Qb2 Qd3 28.Bb4 Rc6 29.Re1 Nf6
30.Qd2 Qc4 31.Be7 Ng8 32.Qxf4 Rxe7 33.Ref1 Rf6 34.Qb8 Ba6  0-1

[Event "23rd Metropolitan GM"]
[Site "Los Angeles USA"]
[Date "2012.12.20"]
[Round "2"]
[White "Shen,V"]
[Black "Yang,Dar"]
[Result "1/2-1/2"]
[WhiteElo "2419"]
[BlackElo "2493"]

1.Nf3 Nf6 2.d4 e6 3.c4 b6 4.Nc3 Bb4 5.e3 Bb7 6.Bd3 Ne4 7.O-O Bxc3 8.bxc3 f5
9.Ne1 O-O 10.f3 Nd6 11.Qc2 c5 12.Ba3 Na6 13.e4 f4 14.Qf2 Rc8 15.e5 Nf5 16.Nc2 Qg5
17.Rfe1 Rf7 18.Rad1 Nh4 19.Kh1 Qh5 20.Be4 Bxe4 21.Rxe4 cxd4 22.Nxd4 Nc5 23.Ree1 Nb7
24.Qe2 Nf5 25.Nxf5 Qxf5 26.Rd4 Rc7 27.Bb4 h6 28.a4 Nd8 29.Bd6 Rc8 30.Re4 Nb7
31.Bb4 Nc5 32.Rd4 Nb7 33.Qa2 Nc5 34.Qe2 Nb7 35.Qd2 Rc7 36.Qa2 Nc5 37.Qe2 Nxa4
38.Qa2 Nc5 39.Bxc5 bxc5 40.Rd6 Rb7 41.Rdd1 Rf8 42.Qa4 Qf7 43.Re2 Rc8 44.h3 Rcc7
45.Qa5 Qf5 46.Re4 Kf8 47.Qa3 Ke8 48.Qa2 Rb6 49.Kh2 Rcb7 50.Qf2 Rb2 51.Rd2 Rxd2
52.Qxd2 Qg5 53.Rxf4 Qxe5 54.Kg1 Rb1+ 55.Kf2 Rb3 56.Re4 Qxc3 57.Qd6 Rb2+ 58.Kg1 Qd2
59.Qg3 Qg5 60.Rg4 Qe3+ 61.Kh2 Rb1 62.Qc7 g5 63.Qc8+ Ke7 64.Qh8 Qg1+ 65.Kg3 Qe1+
66.Kh2 Qg1+ 67.Kg3 Qe1+ 68.Kh2 Rb7 69.Re4 Qd2 70.Qg7+ Kd6 71.Qf8+ Kc6 72.Qc8+ Kb6
73.Qd8+ Rc7 74.Qb8+ Rb7 75.Qd8+ Rc7 76.Qb8+  1/2-1/2

[Event "19th Zadar Open A"]
[Site "Zadar CRO"]
[Date "2012.12.22"]
[Round "9.7"]
[White "Rezan,S"]
[Black "Kuljasevic,D"]
[Result "0-1"]
[WhiteElo "2436"]
[BlackElo "2561"]

1.Nf3 Nf6 2.c4 e6 3.d4 b6 4.Nc3 Bb4 5.Qc2 Bb7 6.a3 Bxc3+ 7.Qxc3 O-O 8.e3 d6
9.Be2 Nbd7 10.b4 Ne4 11.Qd3 f5 12.Bb2 Qe7 13.O-O Rf6 14.d5 Rg6 15.Rad1 Rf8
16.g3 e5 17.Ne1 Bc8 18.Ng2 Rh6 19.f3 Ng5 20.h4 e4 21.Qc2 Nxf3+ 22.Bxf3 exf3
23.Rxf3 Ne5 24.Bxe5 dxe5 25.c5 f4 26.exf4 Bg4 27.Re3 Bxd1 28.Qxd1 bxc5 29.bxc5 Qxc5
30.fxe5 Rd8 31.d6 cxd6 32.Qb3+ d5 33.Kh2 Rb6 34.Qd3 d4 35.e6 Re8 36.Re4 Rexe6
37.Rxe6 Rxe6 38.Qb3 Qb6  0-1

[Event "5th Marseille Open"]
[Site "Marseille FRA"]
[Date "2012.12.26"]
[Round "2.30"]
[White "Charvein,Gabriel"]
[Black "Collas,S"]
[Result "0-1"]
[WhiteElo "1813"]
[BlackElo "2285"]

1.d4 Nf6 2.Nf3 e6 3.c4 b6 4.Nc3 Bb7 5.Bg5 d5 6.cxd5 exd5 7.e3 Be7 8.Bd3 O-O
9.O-O Nbd7 10.Rc1 c5 11.Re1 a6 12.a4 Re8 13.Bf5 Nf8 14.Ne2 g6 15.Bb1 Ne6
16.Bh4 Rc8 17.Ne5 c4 18.h3 b5 19.axb5 axb5 20.f4 Ne4 21.Bxe7 Qxe7 22.Nc3 f6
23.Nf3 Nc7 24.g4 Nd6 25.Qd2 Ra8 26.Kh1 Kh8 27.Nh4 Qg7 28.f5 Qh6 29.Qf2 g5
30.Qg3 Qxh4 31.Qxd6 Qxh3+ 32.Kg1 Qxg4+ 33.Kf2 Qh4+ 34.Ke2 Qxd4  0-1

[Event "XLII Rilton Cup"]
[Site "Stockholm SWE"]
[Date "2013.01.02"]
[Round "6.4"]
[White "Cramling,P"]
[Black "Johansson,Linus"]
[Result "1-0"]
[WhiteElo "2516"]
[BlackElo "2312"]

1.d4 Nf6 2.c4 e6 3.Nf3 b6 4.Nc3 Bb4 5.e3 Ne4 6.Qc2 Bb7 7.Bd3 f5 8.O-O Bxc3
9.bxc3 O-O 10.Nd2 Qh4 11.f3 Nxd2 12.Bxd2 Nc6 13.c5 bxc5 14.Rab1 Rab8 15.Rb5 cxd4
16.cxd4 Nxd4 17.exd4 Qxd4+ 18.Rf2 Bc6 19.Bc3 Qe3 20.Re5 Qh6 21.Bc4 Qg6 22.Bd4 Ra8
23.Bxe6+  1-0

[Event "11th Parsvnath Open"]
[Site "New Delhi IND"]
[Date "2013.01.05"]
[Round "2.35"]
[White "Murali Krishnan,B"]
[Black "Divyasri,C"]
[Result "1/2-1/2"]
[WhiteElo "2320"]
[BlackElo "2167"]

1.d4 Nf6 2.c4 e6 3.Nf3 b6 4.Nc3 Bb7 5.Bg5 d5 6.cxd5 exd5 7.e3 Be7 8.Bd3 O-O
9.O-O Nbd7 10.Qc2 Re8 11.Rfd1 Ne4 12.Bf4 Bd6 13.Bxd6 cxd6 14.Rac1 Rc8 15.Qb3 Ndf6
16.h3 Qe7 17.Rc2 h6 18.Rdc1 Kf8 19.Bb5 Red8 20.Bf1 Nxc3 21.Rxc3 Rxc3 22.Rxc3 Rc8
23.Rxc8+ Bxc8 24.Qc2 Qd7 25.Nd2 Bb7 26.Nb1 Ne4 27.Bd3 Qc6 28.Qxc6 Bxc6 29.f3 Nf6
30.h4 Ke7 31.Nc3 Bb7 32.Kf2  1/2-1/2

[Event "11th Parsvnath Open"]
[Site "New Delhi IND"]
[Date "2013.01.05"]
[Round "2.5"]
[White "Navin,K"]
[Black "Lalith,B"]
[Result "0-1"]
[WhiteElo "2402"]
[BlackElo "2541"]

1.d4 Nf6 2.Nf3 e6 3.c4 b6 4.Nc3 Bb7 5.a3 d5 6.cxd5 Nxd5 7.e3 g6 8.Bb5+ c6
9.Bd3 Bg7 10.O-O O-O 11.e4 Nxc3 12.bxc3 c5 13.Bg5 Qd7 14.Qe2 cxd4 15.cxd4 Nc6
16.Bb5 Nxd4 17.Nxd4 Qxd4 18.Rfe1 Qxe4 19.Qxe4 Bxe4 20.Rac1 Bd5 21.a4 Rfc8
22.Bd7 Rxc1 23.Rxc1 Be5 24.f3 Bd4+ 25.Kf1 f6 26.Bh4 Kf7 27.Bb5 Bc5 28.Ba6 Ke7
29.Bg3 Rd8 30.Ke2 e5 31.Bb5 Be6 32.a5 Rc8 33.Ba6 Rc7 34.f4 Bd6  0-1

[Event "38th Seville Open"]
[Site "Seville ESP"]
[Date "2013.01.11"]
[Round "1.5"]
[White "Giraud,T1"]
[Black "Khamrakulov,I"]
[Result "0-1"]
[WhiteElo "1872"]
[BlackElo "2509"]

1.d4 Nf6 2.c4 e6 3.Nf3 b6 4.Nc3 Bb7 5.Bg5 Bb4 6.Qc2 h6 7.Bxf6 Qxf6 8.e4 c5
9.d5 exd5 10.cxd5 O-O 11.Bd3 c4 12.Be2 Bxc3+ 13.bxc3 Qg6 14.Nd4 Re8 15.f3 Na6
16.O-O Bxd5 17.Rad1 Be6 18.f4 Bg4 19.Bxg4 Qxg4 20.Nf5 Nc5 21.Rd4 Nd3 22.Rxd7 Nxf4
23.Rf3 Nh5 24.Rxf7 Qxe4 25.Qxe4 Rxe4 26.Nd6 Re1+ 27.Kf2 Ra1 28.g4 Rxa2+ 29.Ke3 Nf6
30.h3 Rc2 31.Rb7 Rxc3+ 32.Ke2 Rxf3 33.Kxf3 c3  0-1

[Event "Marianske Lazne Open 2013"]
[Site "Marianske Lazne CZE"]
[Date "2013.01.21"]
[Round "3.9"]
[White "Ilandzis,S"]
[Black "Lipski,Lukasz"]
[Result "1-0"]
[WhiteElo "2172"]
[BlackElo "1507"]

1.d4 Nf6 2.c4 e6 3.Nf3 b6 4.Nc3 Be7 5.e4 Bb7 6.Bd3 d5 7.cxd5 exd5 8.e5 Nfd7
9.Qc2 h6 10.e6 fxe6 11.Bg6+ Kf8 12.Qe2 Bf6 13.Qxe6 Qe7 14.Qxe7+ Kxe7 15.O-O Rd8
16.Bf4 Na6 17.Nb5 Rdc8 18.Rfe1+ Kf8 19.Rac1 c5 20.h3 Kg8 21.Nd6 Rc7 22.Nf5 Rc6
23.Be8 Rd8 24.Nd6 Ba8 25.Bxd7 Rxd7 26.Re8+ Kh7 27.Rxa8 Nb4 28.Rc3 Rcxd6 29.Bxd6 Rxd6
30.Rxa7 cxd4 31.Rb3 Nc2 32.Rc7 d3 33.Rxd3 Nb4 34.Rb3 Nxa2 35.Rb7 Bd8 36.Nd4 Nc1
37.Rb5 Kg6 38.Rxg7+ Kxg7 39.Nf5+ Kf6 40.Nxd6 d4 41.Ne4+ Ke6 42.Kf1 Nd3 43.g3 Ne5
44.f4 Nc4 45.f5+ Kd7 46.Rd5+ Ke8 47.Nd6+  1-0

[Event "18th HIT Open A 2013"]
[Site "Nova Gorica SLO"]
[Date "2013.01.27"]
[Round "4.8"]
[White "Pregarac,V"]
[Black "Visintin,R"]
[Result "0-1"]
[WhiteElo "2180"]
[BlackElo "2046"]

1.d4 Nf6 2.Nf3 e6 3.c4 b6 4.Nc3 Bb4 5.e3 Bb7 6.Bd3 O-O 7.Qc2 d5 8.O-O dxc4
9.Bxc4 c5 10.Rd1 Bxf3 11.gxf3 cxd4 12.Rxd4 Qe7 13.Rh4 Nbd7 14.a3 Bxc3 15.bxc3 Ne5
16.Be2 Rac8 17.a4 Qb7 18.Rh3 Rfd8 19.c4 Ng6 20.Bb2 Rd7 21.Rd1 Rcd8 22.Rd4 e5
23.Rd3 Rxd3 24.Bxd3 Qd7 25.Bf5 Qd1+ 26.Qxd1 Rxd1+ 27.Kg2 Rd2 28.Bc3 Ra2 29.a5 bxa5
30.c5 Ra4 31.f4 Nd5 32.Bxe5 Nxe5 33.fxe5 g6 34.Bd7 Re4 35.Kf3 Rxe5 36.Rh4 Nc7
37.c6 f5 38.Rd4 Rc5 39.h4 Kf7 40.e4 Nb5 41.Rd2 fxe4+ 42.Kxe4 Kf6 43.f4 a4
44.c7 Nxc7 45.Bxa4 Rc4+ 46.Rd4 Rxd4+ 47.Kxd4 Ne6+ 48.Ke3 Ng7 49.Kf3 h5 50.Kg3 a5
51.Bc2 Nf5+ 52.Kh3 Nd4 53.Ba4 Ne2 54.Kg2 Nxf4+ 55.Kf3 Ne6 56.Ke3 Ng7 57.Kf4 Nf5  0-1

[Event "Asian Zone 3.3"]
[Site "Tagaytay City PHI"]
[Date "2013.01.28"]
[Round "8.4"]
[White "Laylo,D"]
[Black "Gomez,Joh"]
[Result "1/2-1/2"]
[WhiteElo "2491"]
[BlackElo "2520"]

1.d4 Nf6 2.c4 e6 3.Nf3 b6 4.Nc3 Bb4 5.Qc2 Bb7 6.a3 Bxc3+ 7.Qxc3 d5 8.cxd5 Bxd5
9.Bf4 O-O 10.Nd2 c5 11.dxc5 Nbd7 12.Bd6 Re8 13.c6 Nc5 14.Bxc5 bxc5 15.f3 Bxc6
16.e4 Rb8 17.Rc1 Nd7 18.Be2 Qh4+ 19.g3 Qh3 20.Bf1 Qh6 21.Be2 Qh3 22.Bf1 Qh5
23.Be2 f5 24.b4 Qh3 25.Qe3 Qg2 26.Qg1 Qh3 27.Qe3 Qg2 28.Qg1 Qxg1+ 29.Rxg1 fxe4
30.fxe4 Ba4 31.bxc5 Rec8 32.Kf2 Nxc5 33.Ke3 Rb2 34.Bc4 Rd8 35.Rg2 Kf7 36.Re2 Ke7
37.Nf3 Rb6 38.Ne5 Bb3 39.Bxb3 Rxb3+ 40.Kf4 Nd3+ 41.Nxd3 Rdxd3 42.Rc7+ Kf6
43.e5+ Kg6 44.Re7 Rxa3 45.Rxe6+ Kf7 46.Rd6 Ra4+ 47.Kg5 h6+ 48.Kh5 Rf3 49.e6+ Kg8
50.Re5 Rf8 51.g4 Raf4 52.h4 Kh7 53.e7 Re8 54.Ree6 Rf7 55.g5 hxg5 56.hxg5 g6+
57.Rxg6 Rexe7 58.Rh6+ Kg8 59.Rd8+ Rf8 60.Rg6+ Rg7 61.Rd7 Rxg6 62.Kxg6 Ra8
63.Rg7+ Kh8 64.Rh7+ Kg8 65.Rg7+ Kh8  1/2-1/2

[Event "35th Georgi Tringov Open"]
[Site "Plovdiv BUL"]
[Date "2013.02.03"]
[Round "1.22"]
[White "Stoyanov,Iliyan"]
[Black "Lilov,V2"]
[Result "0-1"]
[WhiteElo "1745"]
[BlackElo "2433"]

1.d4 Nf6 2.Nf3 e6 3.c4 b6 4.Nc3 Bb7 5.Bg5 Be7 6.e3 O-O 7.Bd3 c5 8.O-O cxd4
9.Nxd4 Nc6 10.Rc1 Nxd4 11.exd4 d5 12.cxd5 Nxd5 13.Bxe7 Qxe7 14.Nxd5 Bxd5
15.Rc3 Qg5 16.g3 Rfd8 17.Qe2 g6 18.Rd1 Rac8 19.a3 Rxc3 20.bxc3 Ba8 21.Be4 Bxe4
22.Qxe4 Qa5 23.Qc6 Qxa3 24.Qc7 Rd5 25.c4 Rf5 26.d5 Qa2 27.f4 Qe2 28.Rf1 Qe3+
29.Kg2 Qe4+ 30.Kg1 Qd4+ 31.Kg2 exd5 32.cxd5 Qxd5+ 33.Kg1 Qc5+  0-1

[Event "35th Georgi Tringov Open"]
[Site "Plovdiv BUL"]
[Date "2013.02.05"]
[Round "3.17"]
[White "Stoyanov,S2 BUL"]
[Black "Rombaldoni,Ax"]
[Result "1-0"]
[WhiteElo "2148"]
[BlackElo "2472"]

1.d4 e6 2.c4 Nf6 3.Nf3 b6 4.Nc3 Bb7 5.Bg5 Be7 6.e3 d6 7.h3 Nbd7 8.Be2 Ne4
9.Nxe4 Bxe4 10.Bxe7 Qxe7 11.O-O e5 12.Rc1 O-O 13.Nd2 Bb7 14.b4 c5 15.bxc5 dxc5
16.d5 e4 17.a4 f5 18.a5 g5 19.Qb3 Qf6 20.f4 exf3 21.Bxf3 Rae8 22.axb6 axb6
23.Ra1 Qe5 24.Ra3 Re7 25.Qd3 Qd6 26.Qb1 Bc8 27.Rb3 Rg7 28.Be2 Qe5 29.Nf3 Qf6
30.Nh2 Qe5 31.Nf3 Qe7 32.Nd2 Rgf7 33.e4 Rf6 34.Rg3 h6 35.Rb3 Qe5 36.Qb2 Qe7
37.Bd3 fxe4 38.Rxf6 Nxf6 39.Be2 Nd7 40.Re3 Qf7 41.Nxe4 Qf4 42.Qc3 Ne5 43.Nxg5 Nxc4
44.Bxc4 hxg5 45.d6+ Kh7 46.Re7+ Kg6 47.Qg7+  1-0

[Event "ch-TUR 2013"]
[Site "Antalya TUR"]
[Date "2013.02.07"]
[Round "9.100"]
[White "Fazla,O"]
[Black "Turkmen,Huseyin Nafizhan"]
[Result "1-0"]
[WhiteElo "1803"]
[BlackElo "1651"]

1.d4 Nf6 2.c4 e6 3.Nf3 b6 4.Nc3 Bb7 5.a3 Be7 6.Qc2 d5 7.e3 O-O 8.Bd3 c5 9.cxd5 exd5
10.dxc5 bxc5 11.Bd2 Nbd7 12.O-O Rb8 13.Rfd1 c4 14.Be2 Nc5 15.Be1 Qb6 16.Rab1 Bd6
17.Nd4 Ne6 18.Nf5 Rfd8 19.Nxd6 Rxd6 20.Na4 Qc6 21.Bb4 Rd7 22.Bf3 Ng5 23.Nc5 Nxf3+
24.gxf3 Rdd8 25.Nxb7 Rxb7 26.Qf5 Qe6 27.Qg5 h6 28.Qh4 Kh7 29.Bc3 Rd6 30.Rd4 Qf5
31.Re1 g5 32.Qg3 Re6 33.Red1 h5 34.R4d2 Rd7 35.e4 Nxe4 36.fxe4 Rxe4 37.Rd4 h4
38.Qg2 h3 39.Qg3 Rxd4 40.Bxd4 Re7 41.f3 Re2 42.Bf2 Rxb2 43.Qg4 Qc2 44.Qh5+ Kg8
45.Qxg5+ Qg6 46.Qxg6+ fxg6 47.Bxa7 c3 48.Rc1 Rg2+ 49.Kh1 c2 50.Be3 Re2 51.Bg1 Rd2
52.a4 d4 53.a5 d3 54.a6 Re2 55.a7 Re8 56.Be3 Kf7 57.Kg1 Ke6 58.Ra1 Ra8 59.Ra5 Kd6
60.Kf2 Kc7 61.Ke1 Re8 62.Kd2 Rxe3 63.Rc5+ Kb6 64.Kxe3 Kxc5 65.Kd2 Kd4 66.a8=Q c1=Q+
67.Kxc1  1-0

[Event "e2e4 Brighton Masters 2013"]
[Site "Brighton ENG"]
[Date "2013.02.16"]
[Round "1"]
[White "Lalic,B"]
[Black "Duport,N SUI"]
[Result "1/2-1/2"]
[WhiteElo "2478"]
[BlackElo "2234"]

1.d4 Nf6 2.c4 e6 3.Nf3 b6 4.Nc3 Bb7 5.Bg5 h6 6.Bh4 Be7 7.e3 Ne4 8.Bxe7 Qxe7
9.Qc2 Nxc3 10.Qxc3 O-O 11.Be2 d6 12.c5 bxc5 13.dxc5 a5 14.O-O Bxf3 15.Bxf3 d5
16.c6 Ra6 17.e4 Rxc6 18.Qxa5 Ra6 19.Qc3 c6 20.b4 Qa7 21.a3  1/2-1/2

[Event "3rd Ferdynand Dziedzica Mem"]
[Site "Trzcianka POL"]
[Date "2013.03.03"]
[Round "2.4"]
[White "Bartel,Mat"]
[Black "Smagalski,S"]
[Result "1-0"]
[WhiteElo "2619"]
[BlackElo "2015"]

1.d4 Nf6 2.c4 e6 3.Nf3 b6 4.Nc3 Bb7 5.Bg5 d5 6.e3 Be7 7.Qa4+ Nbd7 8.Bxf6 Bxf6
9.cxd5 exd5 10.Bb5 a6 11.Bc6 b5 12.Bxd7+ Qxd7 13.Qc2 O-O 14.O-O Rac8 15.b4 Rfe8
16.Ne2 g6 17.Nf4 Qd6 18.Nd3 c6 19.Nc5 Rc7 20.Rfe1 Bc8 21.a4 Bg7 22.h3 h6
23.Qc3 g5 24.axb5 cxb5 25.Nh2 Rc6 26.Qb3 h5 27.Rad1 Bf5 28.Nf1 h4 29.Nh2 Be4
30.Rc1 Kh7 31.Nxe4 Rxe4 32.Nf3 f6 33.Qb1 Kh6 34.Rxc6 Qxc6 35.Rc1 Qd7 36.Nh2 f5
37.Nf3 Kh5 38.Rc5 g4 39.Nd2 Re7 40.hxg4+ Kxg4 41.Qb3 f4 42.Rxd5 Qc6 43.Qd1+  1-0

[Event "29th ChessOrg Open"]
[Site "Bad Woerishofen GER"]
[Date "2013.03.04"]
[Round "4.9"]
[White "Meier,V"]
[Black "Romanishin,O"]
[Result "0-1"]
[WhiteElo "2249"]
[BlackElo "2503"]

1.d4 Nf6 2.c4 e6 3.Nf3 b6 4.Nc3 Bb7 5.a3 g6 6.Qc2 Bxf3 7.exf3 Bg7 8.d5 O-O
9.Be2 c6 10.Bg5 h6 11.Bh4 cxd5 12.cxd5 g5 13.Bg3 Nxd5 14.Nxd5 exd5 15.h4 Nc6
16.Ba6 Nd4 17.Qd3 Qf6 18.hxg5 Qxg5 19.Rh4 Ne6 20.Rg4 Nc5 21.Qd1 Qf6 22.Be2 Rae8
23.Rb1 Re6 24.Kf1 Rfe8 25.Bb5 h5 26.Rh4 Qg6 27.b4 Bc3 28.bxc5 Qxb1  0-1

[Event "ch-CRO w 2013"]
[Site "Rijeka CRO"]
[Date "2013.03.09"]
[Round "1"]
[White "Ivekovic,T"]
[Black "Jelica,M"]
[Result "1/2-1/2"]
[WhiteElo "1977"]
[BlackElo "2233"]

1.d4 Nf6 2.c4 e6 3.Nf3 b6 4.Nc3 Bb7 5.e3 g6 6.Bd3 Bg7 7.O-O O-O 8.e4 d6 9.Re1 Nc6
10.a3 Nh5 11.Bc2 e5 12.d5 Ne7 13.Bd2 Nf4 14.Qc1 Ba6 15.Bxf4 exf4 16.Bd3 Bh6
17.Nd4 Kg7 18.Qd1 Bc8 19.Qe2 f6 20.b4 Bd7 21.c5 bxc5 22.bxc5 dxc5 23.Nb3 Re8
24.Nxc5 f3 25.Qc2 fxg2 26.Bb5 c6 27.dxc6 Bg4 28.e5 Bg5 29.N3e4 Nf5 30.c7 Qd5
31.Nxf6 Nd4 32.Nxd5 Nxc2 33.Bxe8 Rxe8 34.Nf6 Rxe5  1/2-1/2

[Event "ch-CRO w 2013"]
[Site "Rijeka CRO"]
[Date "2013.03.11"]
[Round "4"]
[White "Ivekovic,T"]
[Black "Medic,Mir"]
[Result "0-1"]
[WhiteElo "1977"]
[BlackElo "2184"]

1.d4 Nf6 2.c4 e6 3.Nf3 b6 4.Nc3 Bb7 5.e3 d5 6.cxd5 exd5 7.Bd3 Be7 8.O-O Nbd7
9.Bd2 O-O 10.Rc1 c5 11.Bb1 Re8 12.Qb3 Bf8 13.Rfd1 c4 14.Qc2 Rc8 15.Be1 g6
16.b3 Ba3 17.Nb5 cxb3 18.Qxb3 Rxc1 19.Nxa3 Rxd1 20.Qxd1 Ba6 21.Qa4 Qc8 22.Bd2 Qb7
23.Bc3 Rc8 24.Bb2 Be2 25.Ne5 b5 26.Qb4 Qc7 27.Qd2 Bc4 28.f3 Qb6 29.Bc3 Qe6
30.Qb2 a6 31.Qb4 Nb8 32.Qa5 Qd6 33.Nc2 Kg7 34.Bb4 Qe6 35.Bc3 Nfd7 36.Kf2 Nb6
37.Nb4 Na4 38.Bd2 Qb6 39.Qxb6 Nxb6 40.e4 f6 41.Ned3 a5 42.Nxd5 Nxd5 43.exd5 b4
44.d6 Nd7 45.Bf4 Kf7 46.Ke3 Bd5 47.Nc5 Ke8 48.Bd3 Kd8 49.Ba6 Rb8 50.Kd3 Bxa2
51.Bc4 Bxc4+ 52.Kxc4 b3 53.Nxb3 Nb6+ 54.Kc5 Na4+ 55.Kc4 Rb4+  0-1

[Event "Karpos Open 2013"]
[Site "Skopje MKD"]
[Date "2013.03.13"]
[Round "6.16"]
[White "Mastrovasilis,A"]
[Black "Berkes,F"]
[Result "1-0"]
[WhiteElo "2497"]
[BlackElo "2702"]

1.d4 Nf6 2.c4 e6 3.Nf3 b6 4.Nc3 Bb7 5.Bg5 Be7 6.Qc2 h6 7.Bxf6 Bxf6 8.e4 d6
9.Rd1 Nd7 10.Be2 e5 11.d5 g6 12.h4 Kf8 13.g3 Kg7 14.Kf1 Be7 15.Kg2 Nf6 16.b4 a5
17.a3 Qc8 18.Nd2 h5 19.Nb3 c6 20.Qb2 Ra7 21.Bd3 Qa8 22.Rhe1 Rc8 23.Kg1 Qb8
24.Bf1 Rf8 25.Rb1 axb4 26.axb4 Ng4 27.dxc6 Bxc6 28.Nd5 f5 29.exf5 Bxd5 30.cxd5 Rxf5
31.Re2 Bxh4 32.gxh4 Qd8 33.Qc3 Raf7 34.Bg2 Nxf2 35.Qg3 Ng4 36.Nd2 g5 37.Nf3 gxh4
38.Qxh4 Qc7 39.Ng5 Qc4 40.Ne6+ Kh6 41.Rbe1 b5 42.Re4 Qxd5 43.Nd8 Rg7 44.Rxg4 Rf4
45.Bxd5 Rgxg4+ 46.Qxg4 Rxg4+ 47.Kf2 Rxb4 48.Rg1 Rd4 49.Nf7+ Kh7 50.Be4+  1-0